| 000 | 00323cam a2200133ua 4500 | ||
|---|---|---|---|
| 082 |
_a530 _bGAU/EN |
||
| 100 |
_aGaur , R.K . _91358 |
||
| 245 | _aEngineering Physics / | ||
| 250 | _a8 / | ||
| 260 |
_a : _bDhanpat Rai Publications (P) Limited , _c2004. |
||
| 300 | _a ; . | ||
| 700 | 1 |
_aGupta, S.L . _91359 |
|
| 942 | _cBK | ||
| 999 |
_c12907 _d12907 |
||